000 00668nam a2200277Ia 4500
005 20260324140445.0
008 008 260324s9999 xx 000 0 eng d
020 _a9781315051093
037 _aEBOOK
040 _aCRL
040 _beng
040 _cCRL
041 _2eng
041 _aeng
084 _qCRL
100 _aDaniel C.L. Jones; Daniel C. Jones
_91204460
245 0 _aJacob French (1754-1817): The Collected Works
260 _bTaylor and Francis
260 _c1998
365 _a
365 _b145
856 _uhttp://www.taylorfrancis.com/books/9781315051093
942 _cEBOOK
999 _c1806575
_d1806575